| 000 | 00508nam a22001817a 4500 | ||
|---|---|---|---|
| 003 | MPLRDC | ||
| 005 | 20220104174056.0 | ||
| 008 | 210129b ||||| |||| 00| 0 eng d | ||
| 082 | _a446.2 PEAT v.1 | ||
| 100 | _aA. E. PEATFIELD, A. M. I. MECH E., A. M. I. STRUCE E. | ||
| 245 |
_aHAND TOOLS; DESCRIPTIONS AND USES _c |
||
| 250 | _a初版 | ||
| 260 |
_a _bTHE ENGLISH LANGUAGE BOOK SOCIETY _c1965 |
||
| 300 | _b平 | ||
| 490 | _aMECHANICAL ENGINEERING VOL. 1 | ||
| 650 | _a | ||
| 942 |
_cBK _o446.2 PEAT v.1 |
||
| 999 |
_c59701 _d59691 |
||